[Event "Silves op"]
[Site "Silves"]
[Date "2025.03.07"]
[Round "9"]
[White "Campora, Daniel Hugo"]
[Black "Spraggett, Kevin"]
[Result "1/2-1/2"]
[WhiteElo "2355"]
[BlackElo "2424"]
[PlyCount "85"]
[EventDate "2025.03.01"]
[EventType "swiss"]
[EventRounds "9"]
[EventCountry "POR"]
[SourceTitle "CB11_2025"]
[SourceDate "2025.03.12"]
[SourceVersion "1"]
[SourceVersionDate "2025.03.12"]
[SourceQuality "1"]

1. e4 c6 2. d4 d5 3. Nc3 dxe4 4. Nxe4 Nf6 5. Nxf6+ exf6 6. Bc4 Bd6 7. Qe2+ Be7 8. Nf3 0-0 9. 0-0 Re8 10. Re1 Nd7 11. Qd1 Bd6 12. Rxe8+ Qxe8 13. Qe2 Qd8 14. Bd2 Nf8 15. Re1 Bd7 16. a3 Qc7 17. Bb4 Be6 18. Bxe6 Nxe6 19. Bxd6 Qxd6 20. c3 Rd8 21. Qe4 g6 22. h4 h5 23. g3 Re8 24. Qd3 Kg7 25. Re3 b5 26. Qe2 Qd5 27. Ne1 Rd8 28. Nd3 a5 29. Qf3 Qd6 30. Kg2 Rc8 31. Qe4 Rd8 32. Qf3 Rd7 33. Qe4 c5 34. Nxc5 Nxc5 35. dxc5 Qxc5 36. Rd3 Re7 37. Qd5 Qb6 38. Qd6 Qb7+ 39. Qd5 Qa6 40. Qd6 Qa8+ 41. Qd5 Qe8 42. Qd8 Qc6+ 43. Kf1 1/2-1/2

[Event "Figueira da Foz op 18th"]
[Site "Figueira da Foz"]
[Date "2024.11.11"]
[Round "2"]
[White "Spraggett, Kevin"]
[Black "Silva, Miguel Antonio Neto"]
[Result "1/2-1/2"]
[WhiteElo "2442"]
[BlackElo "2218"]
[PlyCount "32"]
[EventDate "2024.11.10"]
[EventType "swiss"]
[EventRounds "9"]
[EventCountry "POR"]
[SourceTitle "CB47_2024"]
[SourceDate "2024.11.20"]
[SourceVersion "1"]
[SourceVersionDate "2024.11.20"]
[SourceQuality "1"]

1. c4 e6 2. Nc3 Bb4 3. e3 Nf6 4. Bd3 0-0 5. a3 Bxc3 6. bxc3 c5 7. Nf3 Qc7 8. Be2 b6 9. Bb2 Bb7 10. 0-0 Rd8 11. d4 d5 12. h3 Nbd7 13. Nd2 e5 14. Rc1 Rac8 15. Re1 Nf8 16. Bf1 Qb8 1/2-1/2

[Event "Lagos op 2nd"]
[Site "Lagos"]
[Date "2024.11.01"]
[Round "8"]
[White "Pakleza, Zbigniew"]
[Black "Spraggett, Kevin"]
[Result "1-0"]
[WhiteElo "2483"]
[BlackElo "2442"]
[PlyCount "120"]
[EventDate "2024.10.26"]
[EventType "swiss"]
[EventRounds "9"]
[EventCountry "POR"]
[SourceTitle "CB45_2024"]
[Source "ChessBase"]
[SourceDate "2024.11.06"]
[SourceVersion "1"]
[SourceVersionDate "2024.11.06"]
[SourceQuality "1"]

1. d4 Nf6 2. c4 e6 3. Nf3 b6 4. g3 Bb7 5. Bg2 Bb4+ 6. Bd2 a5 7. 0-0 0-0 8. Bf4 Be7 9. Nc3 Ne4 10. Qc2 Nxc3 11. Qxc3 d6 12. Rfe1 f5 13. c5 Bd5 14. cxb6 cxb6 15. h4 h6 16. e4 fxe4 17. Nd2 Nc6 18. Nxe4 Nb4 19. Qd2 Rc8 20. Nc3 Bxg2 21. Kxg2 Qd7 22. Qe2 e5 23. Be3 e4 24. d5 Nd3 25. Red1 Qf5 26. Bxb6 Nxb2 27. Nxe4 Nxd1 28. Rxd1 a4 29. f3 Qg6 30. Kh3 Rce8 31. Rd3 Bf6 32. Qd1 Be5 33. Bf2 Qf5+ 34. Kg2 Qd7 35. Ra3 Ra8 36. Bd4 Bxd4 37. Qxd4 Rfc8 38. g4 Rc2+ 39. Kg3 Qe7 40. g5 hxg5 41. hxg5 Qf7 42. Qd3 Rb2 43. Qd4 Rab8 44. Rc3 a3 45. Rxa3 Qh5 46. Qg1 Rc8 47. Ra7 Rf8 48. Ra3 Rxa2 49. Re3 Rb8 50. f4 Qg6 51. Qc1 Re8 52. Qb1 Rxe4 53. Rxe4 Ra8 54. Kg4 Rf8 55. Re1 Qf7 56. Qe4 g6 57. Qe6 Kg7 58. Qxf7+ Kxf7 59. Re6 Rd8 60. Rf6+ Kg7 1-0

[Event "Lagos op 2nd"]
[Site "Lagos"]
[Date "2024.10.31"]
[Round "7"]
[White "Spraggett, Kevin"]
[Black "Ryabukhin, Roman"]
[Result "1/2-1/2"]
[WhiteElo "2442"]
[BlackElo "2195"]
[PlyCount "78"]
[EventDate "2024.10.26"]
[EventType "swiss"]
[EventRounds "9"]
[EventCountry "POR"]
[SourceTitle "CB45_2024"]
[Source "ChessBase"]
[SourceDate "2024.11.06"]
[SourceVersion "1"]
[SourceVersionDate "2024.11.06"]
[SourceQuality "1"]

1. d4 Nf6 2. c4 e6 3. Nc3 d5 4. Bg5 Nbd7 5. e3 c6 6. Nf3 Bd6 7. Bd3 0-0 8. 0-0 b6 9. Rc1 Bb7 10. cxd5 cxd5 11. Nb5 Bb8 12. Qc2 h6 13. Bh4 a6 14. Nc3 Bd6 15. Qe2 b5 16. Rfd1 Rc8 17. Nd2 Qb6 18. f4 b4 19. Na4 Qa5 20. b3 Rxc1 21. Rxc1 Rc8 22. Rxc8+ Bxc8 23. Nf3 Qc7 24. Ne5 Qc1+ 25. Qe1 Qxe1+ 26. Bxe1 Bb7 27. h3 Be7 28. Bh4 Kf8 29. Nf3 Bd6 30. Kf1 Ke8 31. Ke2 Ne4 32. Be1 f5 33. g4 g6 34. gxf5 gxf5 35. Kd1 Kd8 36. Kc2 Kc7 37. Ne5 Nxe5 38. fxe5 Be7 39. Bxe4 Bc8 1/2-1/2

[Event "Lagos op 2nd"]
[Site "Lagos"]
[Date "2024.10.27"]
[Round "2"]
[White "Mortensen, John"]
[Black "Spraggett, Kevin"]
[Result "1/2-1/2"]
[WhiteElo "2015"]
[BlackElo "2442"]
[PlyCount "96"]
[EventDate "2024.10.26"]
[EventType "swiss"]
[EventRounds "9"]
[EventCountry "POR"]
[SourceTitle "CB45_2024"]
[Source "ChessBase"]
[SourceDate "2024.11.06"]
[SourceVersion "1"]
[SourceVersionDate "2024.11.06"]
[SourceQuality "1"]

1. e4 c5 2. Nf3 d6 3. Bb5+ Nd7 4. c3 Ngf6 5. Qe2 a6 6. Ba4 e6 7. 0-0 Be7 8. d4 b5 9. Bc2 Bb7 10. Bg5 h6 11. Bh4 0-0 12. Nbd2 e5 13. dxe5 dxe5 14. Rfd1 Qc7 15. Nf1 Rfe8 16. Ne3 Bf8 17. a4 c4 18. Nd5 Nxd5 19. exd5 g6 20. Be4 Qd6 21. g4 Bg7 22. Bg3 Rf8 23. axb5 axb5 24. Rxa8 Bxa8 25. Nd4 Qc5 26. Nc2 f5 27. gxf5 gxf5 28. Bg2 Qd6 29. Nb4 Nc5 30. f3 Bb7 31. Re1 Re8 32. Bh3 Bc8 33. Ra1 Bd7 34. Bf2 e4 35. fxe4 Nxe4 36. Qf1 Kh7 37. Bg2 Rg8 38. Ra6 Qf4 39. Ra7 Be5 40. Rxd7+ Kh8 41. Bg3 Qe3+ 42. Kh1 Rxg3 43. Rd8+ Kg7 44. Rd7+ Kg6 45. Nc2 Nf2+ 46. Kg1 Nh3+ 47. Kh1 Nf2+ 48. Kg1 Nh3+ 1/2-1/2

[Event "Maia op"]
[Site "Maia"]
[Date "2024.08.31"]
[Round "9"]
[White "Fier, Alexandr"]
[Black "Spraggett, Kevin"]
[Result "1/2-1/2"]
[WhiteElo "2562"]
[BlackElo "2435"]
[PlyCount "118"]
[EventDate "2024.08.23"]
[EventType "swiss"]
[EventRounds "9"]
[EventCountry "POR"]
[SourceTitle "CBM 221 Extra"]
[Source "ChessBase"]
[SourceDate "2024.09.30"]
[SourceVersion "1"]
[SourceVersionDate "2024.09.30"]
[SourceQuality "1"]

1. e4 c5 2. Nf3 d6 3. d4 cxd4 4. Nxd4 Nf6 5. Nc3 a6 6. h3 e5 7. Nf3 h6 8. Be2 Be7 9. Nh2 Be6 10. Ng4 Nbd7 11. Ne3 Rc8 12. 0-0 Nc5 13. Bf3 b5 14. a3 0-0 15. Re1 Re8 16. h4 Bf8 17. g3 Ncd7 18. a4 b4 19. Ncd5 a5 20. Bd2 Nc5 21. Nxf6+ Qxf6 22. Bg2 Qd8 23. Qe2 Bd7 24. b3 Be6 25. Rad1 Nd7 26. Bc1 Nf6 27. Bb2 Qb6 28. Rd2 h5 29. Red1 Rc6 30. Kh1 Rcc8 31. Rd3 Rc5 32. R1d2 Qc7 33. Nd1 Bg4 34. f3 Bc8 35. c4 bxc3 36. Rxc3 Be6 37. Qe3 d5 38. exd5 Bxd5 39. Rcd3 Re6 40. Nc3 Bc6 41. Rd8 Re8 42. Rxe8 Bxe8 43. Ne4 Nxe4 44. Qxe4 Bc6 45. Qe3 Bb7 46. Kh2 Be7 47. Re2 Bf6 48. Qd2 Rd5 49. Qe1 Qd6 50. f4 Rd1 51. Qxa5 Bxg2 52. Rxg2 exf4 53. Qa8+ Bd8 54. Bc3 fxg3+ 55. Rxg3 Qf4 56. Kg2 Qf1+ 57. Kh2 Qf4 58. Kg2 Qf1+ 59. Kh2 Qf4 1/2-1/2

[Event "Maia op"]
[Site "Maia"]
[Date "2024.08.28"]
[Round "6"]
[White "Mikhalevski, Victor"]
[Black "Spraggett, Kevin"]
[Result "1/2-1/2"]
[WhiteElo "2482"]
[BlackElo "2435"]
[PlyCount "87"]
[EventDate "2024.08.23"]
[EventType "swiss"]
[EventRounds "9"]
[EventCountry "POR"]
[SourceTitle "CBM 221 Extra"]
[Source "ChessBase"]
[SourceDate "2024.09.30"]
[SourceVersion "1"]
[SourceVersionDate "2024.09.30"]
[SourceQuality "1"]

1. d4 Nf6 2. c4 g6 3. Nc3 Bg7 4. e4 d6 5. Nf3 0-0 6. Be2 Na6 7. 0-0 e5 8. Be3 Qe7 9. Bg5 exd4 10. Nd5 Qd8 11. Nxf6+ Bxf6 12. Bxf6 Qxf6 13. Qxd4 Kg7 14. Qxf6+ Kxf6 15. Nd4 c6 16. Rfd1 Ke7 17. f3 Bd7 18. Rd2 Rfd8 19. Rc1 Nc7 20. Kf2 a6 21. h4 Ne6 22. Nc2 c5 23. g3 Ba4 24. b3 Bc6 25. Bf1 b5 26. b4 Rab8 27. a3 h5 28. Ne3 Kf8 29. Rc3 a5 30. cxb5 axb4 31. axb4 Bxb5 32. bxc5 Bxf1 33. c6 Bh3 34. c7 Nxc7 35. Rxc7 Be6 36. Ra7 Rb1 37. Nd5 Rdb8 38. Ra3 R8b2 39. Rad3 Rxd2+ 40. Rxd2 Bxd5 41. Rxd5 Ke7 42. Ke3 Ke6 43. Kf4 Rb3 44. Ra5 1/2-1/2

[Event "Maia op"]
[Site "Maia"]
[Date "2024.08.27"]
[Round "5"]
[White "Spraggett, Kevin"]
[Black "Oliveira, Sancho"]
[Result "1-0"]
[WhiteElo "2435"]
[BlackElo "2188"]
[PlyCount "75"]
[EventDate "2024.08.23"]
[EventType "swiss"]
[EventRounds "9"]
[EventCountry "POR"]
[SourceTitle "CBM 221 Extra"]
[Source "ChessBase"]
[SourceDate "2024.09.30"]
[SourceVersion "1"]
[SourceVersionDate "2024.09.30"]
[SourceQuality "1"]

1. e4 c5 2. Nf3 d6 3. d4 cxd4 4. Nxd4 Nf6 5. Nc3 a6 6. Bg5 e6 7. Qf3 h6 8. Be3 Nbd7 9. 0-0-0 Qc7 10. Qg3 Nc5 11. f3 Bd7 12. Kb1 b5 13. a3 Rb8 14. Nb3 Na4 15. Bd2 g6 16. Na2 Rc8 17. Bd3 Bg7 18. Ba5 Qb8 19. c3 Nh5 20. Qf2 0-0 21. Bc2 d5 22. exd5 exd5 23. g3 Nf6 24. Rhe1 Rfe8 25. Ka1 Rxe1 26. Rxe1 Ne8 27. Nb4 Nxc3 28. bxc3 Rxc3 29. Kb1 Bf5 30. Ka2 Be6 31. Nd3 Rc4 32. Nf4 Qd6 33. Bb4 Rxb4 34. axb4 Qxb4 35. Nxe6 Qa4+ 36. Kb1 fxe6 37. Rxe6 Nf6 38. Qd4 1-0

[Event "Leca da Palmeira op 3rd"]
[Site "Leca da Palmeira"]
[Date "2024.08.03"]
[Round "6"]
[White "Macias Sanchez, Homero"]
[Black "Spraggett, Kevin"]
[Result "1/2-1/2"]
[WhiteElo "1978"]
[BlackElo "2440"]
[PlyCount "134"]
[EventDate "2024.07.31"]
[EventType "swiss"]
[EventRounds "9"]
[EventCountry "POR"]
[SourceTitle "EXT 2025"]
[Source "ChessBase"]
[SourceDate "2024.10.14"]
[SourceVersion "1"]
[SourceVersionDate "2024.10.14"]
[SourceQuality "1"]

1. e4 c5 2. b3 g6 3. Bb2 Nf6 4. e5 Nd5 5. Nc3 Nxc3 6. dxc3 Bg7 7. Qd5 Nc6 8. f4 d6 9. exd6 exd6 10. 0-0-0 0-0 11. Kb1 Bf5 12. Qd2 Qf6 13. Bd3 Bxd3 14. cxd3 a5 15. c4 Qf5 16. Bxg7 Kxg7 17. a4 d5 18. Kb2 Rad8 19. Qc3+ Kg8 20. Ne2 Nb4 21. Ng3 Qxf4 22. Rhf1 Qg4 23. cxd5 Rxd5 24. Rf3 f5 25. Re1 Qd4 26. Re7 Rf7 27. Re8+ Kg7 28. Ne2 Qxc3+ 29. Kxc3 g5 30. h4 g4 31. Rg3 Rd6 32. Nf4 Nd5+ 33. Nxd5 Rxd5 34. Rge3 f4 35. R3e4 h5 36. R8e7 Rdf5 37. Rxf7+ Kxf7 38. Kd2 b6 39. Ke2 Kf6 40. Kf2 f3 41. d4 fxg2+ 42. Kxg2 cxd4 43. Rxd4 Ke5 44. Rd3 Rf4 45. Re3+ Re4 46. Rd3 Re2+ 47. Kg3 Ke4 48. Rd6 Re3+ 49. Kg2 Rxb3 50. Rh6 Kf4 51. Rf6+ Ke4 52. Rh6 Rb4 53. Rxh5 Kf4 54. Rd5 Rb2+ 55. Kf1 Kg3 56. h5 Rb1+ 57. Ke2 Rh1 58. Rg5 Rh4 59. Rf5 Rh1 60. Rb5 Kg2 61. Rxb6 Rxh5 62. Rb5 Rh8 63. Rxa5 g3 64. Rg5 Rh4 65. a5 Ra4 66. Kd3 Kf3 67. Kd2 g2 1/2-1/2

[Event "Leca da Palmeira op 3rd"]
[Site "Leca da Palmeira"]
[Date "2024.08.02"]
[Round "4"]
[White "Balbuena Fuentes, Mario"]
[Black "Spraggett, Kevin"]
[Result "1-0"]
[WhiteElo "2312"]
[BlackElo "2440"]
[PlyCount "85"]
[EventDate "2024.07.31"]
[EventType "swiss"]
[EventRounds "9"]
[EventCountry "POR"]
[SourceTitle "EXT 2025"]
[Source "ChessBase"]
[SourceDate "2024.10.14"]
[SourceVersion "1"]
[SourceVersionDate "2024.10.14"]
[SourceQuality "1"]

1. e4 c5 2. Nf3 d6 3. d4 cxd4 4. Nxd4 Nf6 5. Nc3 Nc6 6. Bg5 Bd7 7. Qd2 a6 8. 0-0-0 e6 9. Kb1 Nxd4 10. Qxd4 Be7 11. f3 Qc7 12. Qd2 b5 13. g4 h5 14. gxh5 Nxh5 15. Bxe7 Kxe7 16. Bd3 Nf6 17. f4 b4 18. Ne2 a5 19. Rhg1 g6 20. Nd4 Rh5 21. f5 e5 22. Nb5 Bxb5 23. Bxb5 gxf5 24. exf5 Rah8 25. Rg2 Rh4 26. Rc1 Qc5 27. Bd3 a4 28. c3 b3 29. a3 e4 30. Re1 Qe5 31. Ree2 R8h5 32. Qe3 Rxf5 33. Qa7+ Kf8 34. Qb8+ Ne8 35. Rg1 Rhf4 36. Reg2 Ke7 37. Rg8 Kd7 38. Bb5+ Qxb5 39. Qxe8+ Kc7 40. Qc8+ Kb6 41. Qb8+ Kc6 42. Rc8+ Kd7 43. Rd8+ 1-0

[Event "Leca da Palmeira op 3rd"]
[Site "Leca da Palmeira"]
[Date "2024.08.01"]
[Round "3"]
[White "Spraggett, Kevin"]
[Black "Silva, Miguel Antonio Neto"]
[Result "1/2-1/2"]
[WhiteElo "2440"]
[BlackElo "2192"]
[PlyCount "42"]
[EventDate "2024.07.31"]
[EventType "swiss"]
[EventRounds "9"]
[EventCountry "POR"]
[SourceTitle "EXT 2025"]
[Source "ChessBase"]
[SourceDate "2024.10.14"]
[SourceVersion "1"]
[SourceVersionDate "2024.10.14"]
[SourceQuality "1"]

1. c4 c6 2. e4 d5 3. exd5 cxd5 4. cxd5 Nf6 5. Nc3 Nxd5 6. Nf3 e6 7. Bc4 Nxc3 8. bxc3 Bd6 9. 0-0 0-0 10. d4 h6 11. Bd3 Nd7 12. Re1 Qc7 13. c4 b6 14. Bb2 Bb7 15. h3 Rac8 16. Rc1 Rfe8 17. Bf1 Rcd8 18. Qb3 Qb8 19. Rcd1 Qc7 20. Rc1 Qb8 21. Rcd1 Qc7 1/2-1/2

[Event "Leca da Palmeira op 3rd"]
[Site "Leca da Palmeira"]
[Date "2024.07.31"]
[Round "1"]
[White "Spraggett, Kevin"]
[Black "Khennous, Fares"]
[Result "1-0"]
[WhiteElo "2440"]
[BlackElo "2073"]
[PlyCount "97"]
[EventDate "2024.07.31"]
[EventType "swiss"]
[EventRounds "9"]
[EventCountry "POR"]
[SourceTitle "EXT 2025"]
[Source "ChessBase"]
[SourceDate "2024.10.14"]
[SourceVersion "1"]
[SourceVersionDate "2024.10.14"]
[SourceQuality "1"]

1. c4 e5 2. d3 Nf6 3. a3 d5 4. cxd5 Nxd5 5. Nf3 Nc6 6. e3 a5 7. b3 Be7 8. Bb2 Bf6 9. Nbd2 g6 10. Be2 0-0 11. Qc2 Bg7 12. 0-0 f5 13. Rad1 Qe7 14. Rfe1 g5 15. d4 e4 16. Bc4 Be6 17. Ne5 Nxe5 18. dxe5 c6 19. f3 b5 20. Bf1 Nxe3 21. Rxe3 Qa7 22. Rde1 f4 23. Nxe4 fxe3 24. Kh1 Rad8 25. Nf6+ Bxf6 26. exf6 Rd2 27. Qc3 Bf7 28. h4 Rfd8 29. hxg5 R8d4 30. g3 Rd5 31. Bc1 Qc7 32. Qxe3 Rd1 33. Rxd1 Rxd1 34. Kg2 Rd8 35. Qc3 Qd7 36. Be3 Re8 37. Bf2 Qd5 38. g4 Rc8 39. b4 axb4 40. axb4 Qxg5 41. Bd3 Bd5 42. Bf5 Rf8 43. Bc5 Qxf6 44. Qe3 Ra8 45. Kg3 Kf7 46. Bxh7 Re8 47. Qf4 Ra8 48. Qc7+ Ke8 49. Bg6+ 1-0

[Event "Famalicao op 11th"]
[Site "Vila Nova de Famalicao"]
[Date "2024.07.25"]
[Round "5"]
[White "Spraggett, Kevin"]
[Black "Petkov, Vladimir"]
[Result "0-1"]
[WhiteElo "2440"]
[BlackElo "2417"]
[PlyCount "64"]
[EventDate "2024.07.22"]
[EventType "swiss"]
[EventRounds "9"]
[EventCountry "POR"]
[SourceTitle "CBM 221 Extra"]
[Source "ChessBase"]
[SourceDate "2024.09.30"]
[SourceVersion "1"]
[SourceVersionDate "2024.09.30"]
[SourceQuality "1"]

1. e4 e5 2. Nf3 Nc6 3. Bc4 Nf6 4. d3 Bc5 5. 0-0 0-0 6. Re1 d6 7. c3 Bb6 8. a4 a5 9. h3 Ne7 10. Nbd2 Ng6 11. Nf1 c6 12. Bb3 Re8 13. Ng3 Be6 14. d4 d5 15. Nxe5 Nxe5 16. dxe5 Nxe4 17. Nxe4 dxe4 18. Rxe4 Bxf2+ 19. Kxf2 Qb6+ 20. Be3 Qxb3 21. Qxb3 Bxb3 22. Bb6 Ra6 23. Bc7 c5 24. Re2 Rc6 25. Bd6 f6 26. Re3 Kf7 27. Ra3 Bc4 28. Ra1 fxe5 29. Bxe5 Rb6 30. b4 axb4 31. cxb4 cxb4 32. Rc1 Rc6 0-1